000
00230nam a22001097a 4500
041
_a
ENG
245
_a
Consultation On Supplementary Irrigation
260
_a
Rome
_b
FAO
_c
1990
300
_a
120
650
_a
FAO
856
_u
FAO (01)
999
_c
2377
_d
2377